Statistics for Mormonism!

Click here to take the quiz!

General Stats

  • This quiz has been taken 989 times
    (987 since last reset)
  • The average score is 9 of 11

Answer Stats

HintAnswer% Correct
What state has the highest percentage of Mormons?Utah
98%
Who created Mormonism?Joseph Smith
96%
Holy book?Book of Mormon
94%
At what age are Mormon children baptized?8
90%
What is the 10% cut that Mormons give to their church called?Tithing
87%
Who can hold the priesthood in Mormonism?Men over the age of twelve
82%
What is the Mormon equivalent of a priest/ pastor?Bishop
71%
What person is at the top of every Mormon temple?Moroni
71%
What is the highest level of Heaven?Celestial
69%
What is the current Mormon prophet's name?Thomas S. Monson
66%
What are (real) Mormons not?Polygamists
34%

Score Distribution

Percentile by Number Answered

Percent of People with Each Score

Your Score History

You have not taken this quiz since the last reset